000 00727nam a2200217Ii 4500
003 JO-AjNU
008 230606s9999||||xx |||||||||||||| ||und||
020 _a978-0-3406-0877-7
040 _aJO-AjNU
_beng
_erda
_cJO-AjNU
041 _aeng
050 1 4 _aP90.K68 2001
100 3 _aKress,Gunther Editor /Van Leeuwen,Theo Editor ,
_eauthor
_92380
245 0 0 _aMultimodal Discourse :The Modes And Media Of Contemporary Communication
250 _a1 ed
264 3 1 _aNew York:HodderEducation ,2001
300 _a142p
336 _atext
_btxt
_2rdacontent
337 _aunmediated
_bn
_2rdamedia
338 _avolume
_bnc
_2rdacarrier
650 4 _aMultimodal Discourse -The Modes And Media Of Contemporary Communication
_92381
999 _aE1248
_c1248
_d1248